| 000 | 00585nam a22001817a 4500 | ||
|---|---|---|---|
| 003 | PILC | ||
| 005 | 20150820144155.0 | ||
| 008 | 150820b xxu||||| |||| 00| 0 eng d | ||
| 020 | _a0201033194 | ||
| 050 |
_aBF 201 _b.J27 1971 |
||
| 100 | _aJames, Muriel. | ||
| 245 |
_aBorn to win : _btransactional analysis with Gestalt experiments / _cMuriel James, Dorothy Jongeward. |
||
| 260 |
_aMassachusetts : _bAddison-Wesley Publishing Company, _c1971. |
||
| 300 |
_axvii, 299 pages : _billustrations ; _c22 cm. |
||
| 500 | _aIncludes index. | ||
| 650 | _aCognition. | ||
| 942 |
_2lcc _cBK _kFOR |
||
| 999 |
_c288420 _d288420 |
||